| 000 | 01014nam a2200217Ia 4500 | ||
|---|---|---|---|
| 003 | Ost | ||
| 005 | 20260507075609.0 | ||
| 008 | 260507s9999||||xx |||||||||||||| ||und|| | ||
| 020 | _a9789961020371 | ||
| 040 | _cfsecg | ||
| 041 | _aara | ||
| 082 | _a519.53 | ||
| 100 |
_aحراوبية، ليندة _eمؤلف |
||
| 245 | 0 |
_aمدخل الى الإحصاء الوصفي / _c ليندة حراوبية |
|
| 260 |
_aالجزائر : _bديوان المطبوعات الجامعية, _c2017 |
||
| 300 |
_a100 صفحة؛ _bإيضاحات ؛ _c24 سم |
||
| 504 | _aالمراجع ص.95 | ||
| 520 | _a تناول الكاتب موضوع الاحصاء الوصفي حيث تحدث من خلال فصول دراسته عن المفاهيم الأساسية في الاحصاء الوصفي وعن مقاييس النزعة المركزية الوسط الحسابي ، بالاضافة الى مقاييس التشتت ومقاييس الموضع. | ||
| 653 | _aالإحصاء الوصفي | ||
| 942 | _cكتاب | ||
| 999 |
_c45059 _d45059 |
||